000 00512nam a2200181Ia 4500
003 IN-BaIIA
008 211028s9999 xx 000 0 eng d
040 _cIIA Library
080 _a524.3
_bALL
100 _aAllen, Richard Hinckle
_95692
245 0 _aStar names
_btheir lore and meaning
_cRichard Hinckle Allen
260 _aNew York
_bDover Publications
_c1963
300 _axiv, 563p.
650 _aAstronomy
_980
650 _aAstronomy and astrophysics thesaurus
650 _aStars
942 _cBK
999 _c3207
_d3207